000 00646nam a2200241Ia 4500
003 OSt
005 20220924144818.0
006 a|||||r|||| 00| 0
007 ta
008 220923b |||||||| |||| 00| 0 urd d
024 _a322166
037 _cTextual
040 _aARTS
_cARTS
_burd
041 _2urd
_aurd
082 _aR851, 168G4
100 _aRight J. Au.
_9218508
245 0 _aFedress, Lycees aur Brittagoes
260 _c1934
650 _aPHILOSOPHERS
700 _a Hadi Mirza Mohammad Tr.
_9218509
942 _hR851, 168G4
_cTEXL
_2CC
999 _c458378
_d458378